000 00656nas a2200253 4500
001 BR9702703
003 BR-BrBNA
005 20231205100226.0
007 ta
008 230509b bl.|||p| |||| 00| 00por d
040 _aBR-BrBNA
_bpor
_cBiblioteca Nacional de Agricultura
041 _a(Pt)
072 _aE70
100 1 _aAndei, V.
245 1 _aLeiloes: a liquidez falou mais alto
650 _aLeilao
650 _aGado
650 _aComercializacao
650 _aRaca
650 _aMercado
773 0 _tDBO Rural (Brazil)
_x
_g(Feb 1997), v. 15(196-A) p. 78
_wBR9702703
909 _a202311
_bLúcia
_c55
_dLúcia Elande
942 _2AGRIS
_n0
_cANA
999 _c154837
_d154837